000 00433ntaaa2200169 4500
003 01
005 20251027202937.0
008 0714s1973 ag 01
040 _aAR-BaBN
_bspa
_cAR-BaBN
_eaacr
_dRIC
082 _a923.6000 K58
100 _aKing, Coretta Scott
_930120
245 _aMy life with Martin Luther King Jr.
250 _a1 ed.
260 _aNew York :
_bHolt, Rinehart and Winston,
_c1969
300 _a372 p
942 _cBK
999 _c24733
_d24733